Statistiques concernant Signes astrologiques Chinois - Les éléments par signe

Cliquez ici pour prendre le quiz!

Statistiques générales

  • Ce quiz a été pris 31 fois
  • Le résultat moyen est 4 sur 12

Statistiques - réponses

SignesÉléments% Correct
SingeTerre
100%
RatMétal
62%
DragonBois
43%
SerpentBois
38%
LapinEau
33%
CoqTerre
33%
ChevalFeu
29%
ChienMétal
24%
BuffleMétal
24%
BoucFeu
19%
TigreEau
14%
CochonMétal
10%

Distribution des résultats

Percentile par nombre de réponses

% des personnes avec chaque résultat

Votre développement - résultats

Vous n’avez pas pris ce quiz